| 000 | 01457cam a2200229 4500 | ||
|---|---|---|---|
| 001 | ABS63225 | ||
| 008 | 000000n2000 000 0 eng u | ||
| 035 | _a(Sirsi) u109730 | ||
| 245 | _aIn Diggens and others' application | ||
| 260 | _c2000 | ||
| 490 |
_aEstates Gazette _v[2000] 48 EG 121-122(2) |
||
| 520 | _aThe applicants made an application, under the Law of Property Act 1925 s84(1), for the discharge or modification of a restriction, so that five houses could be built on their respective land. 59 objections were made and admitted. The applicants decided that a further restriction required discharge or modification and acting on advice, requested that their original application be amended to include the second restriction. Objectors argued that the Lands Tribunal Rules 1996 did not allow this. The request for an amendment was refused on the grounds that the Lands Tribunal Rules do not contain a provision to allow the application to be amended to include a second restriction. If an application requires the discharge or modification of a second restriction, a further application under the Law of Property Act 1925 s84(1) must be made. | ||
| 590 | _aABS | ||
| 650 | _aRESTRICTIVE COVENANTS | ||
| 650 | _aMODIFICATION | ||
| 650 | _aDISCHARGE | ||
| 650 | _aLANDS TRIBUNAL RULES 1996 | ||
| 650 | _aPLANNING PERMISSION | ||
| 650 | _aLAW OF PROPERTY ACT 1925 S84(1) | ||
| 690 | _aPROPERTY AND LAND LAW-CASE LAW | ||
| 942 | _n0 | ||
| 999 |
_c65495 _d65495 |
||